[Event "Yingmei Cup CHN-chT 2017"]
[Site "?"]
[Date "2017.07.28"]
[Round "10"]
[White "Wei, Yi"]
[Black "Li, Yankai"]
[Result "1-0"]
[WhiteElo "2727"]
[BlackElo "2392"]
[Annotator "TA"]
[PlyCount "41"]
[EventDate "2017.??.??"]
[SourceTitle "Ningbo"]

1. c4 e6 2. Nc3 d5 3. d4 Nf6 4. cxd5 Nxd5 5. e4 Nxc3 6. bxc3 c5 7. Rb1 Be7 {
D35: Queen's Gambit Declined: Exchange Variation} 8. Nf3 O-O 9. Bc4 Qc7 $146 {
The position is equal.} ({Predecessor:} 9... Nc6 10. O-O b6 11. d5 Na5 12. Bd3
c4 13. Bc2 exd5 14. exd5 Bb7 15. Re1 {1-0 (31) Svidler,P (2749)-Hou,Y (2666)
Geneve 2017}) 10. Qe2 b6 11. O-O Bb7 12. d5 $36 {White is more active.} e5 ({
Better is} 12... exd5 $14 13. exd5 Bd6) 13. Rd1 $16 Qd6 14. a4 a6 (14... Nd7
$16 {was necessary.}) 15. Bd3 Nd7 16. Nd2 Rfb8 17. Nc4 Qf6 {[#]} 18. f4 $1 {
aiming for fxe5.} exf4 $2 (18... Bd6 $16 19. fxe5 (19. Nxb6 Nxb6 20. Rxb6 exf4
$16) 19... Bxe5) 19. e5 $18 Qh6 20. Qg4 Bc8 21. Bxf4 {Precision: White = 79%,
Black = 40%.} 1-0

[Event "Yingmei Cup CHN-chT 2017"]
[Site "?"]
[Date "2017.07.28"]
[Round "10"]
[White "Bu, Xiangzhi"]
[Black "Zhao, Yuanhe"]
[Result "1-0"]
[WhiteElo "2713"]
[BlackElo "2386"]
[Annotator "TA"]
[PlyCount "83"]
[EventDate "2017.??.??"]
[SourceTitle "Ningbo"]

1. Nf3 d5 2. d4 c6 3. c4 Nf6 4. Nc3 e6 5. Bg5 Nbd7 6. e3 Qa5 7. cxd5 Nxd5 8.
Qd2 h6 {D52: Queen's Gambit Declined: Cambridge Springs Variation} (8... Bb4 9.
Rc1 b6 10. a3 Bxc3 11. bxc3 h6 12. Bh4 c5 13. c4 Qxd2+ 14. Nxd2 Ne7 15. f3 Ba6
16. Be2 f5 17. O-O {1-0 (49) So,W (2822)-Dreev,A (2651) chess.com INT 2017}) 9.
Bh4 Nxc3 10. bxc3 b6 {White has an edge.} 11. Bd3 Ba6 12. O-O Ba3 13. Rad1 $146
({Predecessor:} 13. Rfb1 O-O 14. Rb3 Rfe8 15. c4 Qxd2 16. Nxd2 {1-0 (33) Teske,
H (2552)-Boidman,Y (2393) Paderborn 2009}) 13... O-O 14. Qc2 Bxd3 15. Rxd3 Rfe8
16. c4 Be7 17. Bg3 Rac8 18. e4 c5 19. d5 exd5 20. Rxd5 Nf6 21. Rdd1 Rcd8 22. e5
Nh7 23. e6 fxe6 24. Ne5 Rxd1 25. Rxd1 {[#] Hoping for Nc6.} Nf8 $1 26. h4 Qa6
27. Qe2 Rd8 28. Rxd8 Bxd8 29. Qh5 $36 {Black must now prevent Qf7+. White has
the initiative.} Qb7 30. Qe8 Bf6 31. Nc6 Kh7 32. h5 a6 33. Nb8 Qe7 (33... Kg8
$1 $11) 34. Qxe7 $16 Bxe7 {Endgame KBN-KBN} 35. a4 g6 {[#]} (35... Bd8 $1 $14)
36. Bc7 $1 $18 gxh5 37. Bxb6 Kg6 38. Nxa6 Nd7 39. Bc7 {Strongly threatening a5.
} Kf5 $2 (39... Kf7 {is a better chance.} 40. Kf1 Ke8) 40. a5 {White is
clearly winning.} h4 41. Nb8 Bd8 42. Nxd7 {Precision: White = 73%, Black = 45%.
} 1-0

[Event "Yingmei Cup CHN-chT 2017"]
[Site "?"]
[Date "2017.07.28"]
[Round "10"]
[White "Ni, Hua"]
[Black "Le, Quang Liem"]
[Result "0-1"]
[WhiteElo "2674"]
[BlackElo "2726"]
[Annotator "TA"]
[PlyCount "96"]
[EventDate "2017.??.??"]
[SourceTitle "Ningbo"]

1. e4 c6 2. Nf3 d5 3. Nc3 Bg4 4. h3 Bxf3 5. Qxf3 Nf6 6. Be2 e6 {B11: Caro-Kann:
Two Knights Variation} 7. O-O Bc5 8. d3 Nbd7 9. Qg3 (9. Qf4 O-O 10. Rd1 Ne8 11.
Qg3 Kh8 12. d4 Bb6 13. a4 a6 14. h4 {1/2-1/2 (56) Vachier Lagrave,M (2791)
-Fedoseev,V (2726) Dortmund 2017}) 9... O-O {LiveBook: 4 Games} 10. Bh6 $146 {
[#]} (10. Rd1 {feels hotter.} Bd4 11. Bf4 Ne8 12. Bf3 Qe7 13. Rab1) ({Find the
theoretical novelty and annotate with similar games:} 10. Bf3 Bd4 11. exd5 cxd5
12. Ne2 Be5 13. Qh4 Qc7 14. c3 {1-0 (58) Geller,J (2488)-Laznicka,V (2664)
Novi Sad 2016}) 10... Ne8 11. Bf4 Kh8 12. exd5 cxd5 13. Na4 Be7 14. c4 Ndf6 15.
Nc3 Nd6 16. Be5 Nf5 17. Qf4 Rc8 18. cxd5 Nxd5 19. Qe4 {Strongly threatening
Nxd5.} Bf6 20. Nxd5 Bxe5 21. Qxe5 Rc5 22. Bf3 Nh4 $1 23. Be4 exd5 24. Qd4 (24.
g3 $5 b6 25. Bh1 $11) 24... b6 25. b4 Rc7 26. Qxd5 f5 27. Bf3 Rd7 28. Qc6 Rd6
29. Qb7 Rd7 30. Qc6 Rxd3 31. Be2 Rd6 $1 32. Qb7 (32. Qc3 $1 $11) 32... Rd7 $1
$36 {Black is more active.} 33. Qc6 Rf6 34. Qc4 Rg6 35. g3 $2 (35. Rac1 $17 {
is tougher.} Nxg2 36. Kh1) 35... Rd4 $19 {Black is clearly winning.} 36. Rad1 {
[#]} Qa8 $1 37. Qc8+ Qxc8 38. Rxd4 Qc7 39. Kh2 {And now Rc1! would win.} Re6
40. Rc1 Qb8 41. Rdc4 {Rc8+ is the strong threat.} Re8 ({Weaker is} 41... Rxe2
42. Rc8+ Re8 43. Rxb8 $11) 42. Rc7 Ng6 43. Bb5 Rf8 44. Bd7 f4 45. h4 fxg3+ 46.
fxg3 Qa8 {( -> ...Rf2+)} 47. Bh3 Qd5 48. Rc8 h5 {Precision: White = 52%, Black
= 82%.} 0-1

[Event "Yingmei Cup CHN-chT 2017"]
[Site "?"]
[Date "2017.07.28"]
[Round "10"]
[White "Ma, Qun"]
[Black "Liu, Qingnan"]
[Result "1-0"]
[WhiteElo "2637"]
[BlackElo "2502"]
[Annotator "TA"]
[PlyCount "65"]
[EventDate "2017.??.??"]
[SourceTitle "Ningbo"]

1. e4 e5 2. Nf3 Nf6 3. Nxe5 d6 4. Nf3 Nxe4 5. d4 d5 6. Bd3 Bd6 7. O-O O-O 8. c4
c6 9. cxd5 cxd5 10. Nc3 Nxc3 11. bxc3 Bg4 12. h3 Bh5 13. Rb1 Nd7 14. Rxb7 {
C42: Petroff Defence: 3 Nxe5 and unusual White 3rd moves} Nb6 15. Qc2 Bxf3 $1 (
15... Bg6 16. Bxg6 hxg6 17. Ng5 Qc8 18. Rxf7 Rxf7 19. Qxg6 Qf5 20. Qxd6 Rf6 21.
Qe7 Rff8 22. g3 Rfe8 23. Qb7 Reb8 24. Qa6 Nc4 25. Qa4 Rb6 26. Re1 Rf8 27. Bf4
Rg6 28. h4 {1/2-1/2 (28) Gashimov,V (2644)-Harikrishna,P (2650) Torrelavega
2007}) 16. Bxh7+ {The position is equal.} Kh8 17. gxf3 Qh4 $1 (17... Qc8 $2 18.
Qf5 $18) 18. Bf5 {With the idea Qd2.} g6 19. Bg4 f5 20. f4 fxg4 (20... Rac8 $11
{keeps the balance.}) 21. Qxg6 $16 Be7 {...Rg8 is the strong threat.} 22. Ba3
$146 Rae8 (22... Nc8 $16 {was called for.}) 23. Re1 $1 $18 (23. hxg4 $2 Rg8 $19
) (23. Bd6 Nc4 $11) 23... Rg8 {[#]} 24. Qxe8 $3 $40 {White attacks with force.}
gxh3+ {[#]} (24... Rxe8 $2 {is the wrong capture.} 25. Bxe7 Kg8 26. Bxh4 $18)
25. Kh1 $1 ({Don't go for} 25. Qxg8+ $2 Kxg8 26. Rb8+ (26. Rexe7 $2 Qg4+ 27.
Kf1 Qd1+ 28. Re1 Qd3+ 29. Re2 h2 $19) 26... Bd8 $19) 25... Rxe8 $2 (25... Qg4
26. Qxg8+ Qxg8) 26. Bxe7 {White is clearly winning.} Qh5 27. Bf6+ Kg8 28. Rg1+
Kf8 29. Bg7+ Kg8 30. Be5+ Kf8 31. Bd6+ Re7 32. Rxe7 Qf3+ 33. Kh2 {Precision:
White = 90%, Black = 50%.} 1-0

[Event "Yingmei Cup CHN-chT 2017"]
[Site "?"]
[Date "2017.07.28"]
[Round "10"]
[White "Zhao, Jun"]
[Black "Moiseenko, Alexander"]
[Result "0-1"]
[WhiteElo "2616"]
[BlackElo "2671"]
[Annotator "TA"]
[PlyCount "78"]
[EventDate "2017.??.??"]
[SourceTitle "Ningbo"]

1. e4 c5 2. Nf3 Nc6 3. d4 cxd4 4. Nxd4 e5 5. Nb5 d6 6. c4 Be7 7. N1c3 a6 8. Na3
Be6 9. Be2 Nd4 10. O-O Nf6 11. Be3 Nxe2+ 12. Qxe2 O-O 13. Rfd1 {B32: Sicilian:
Löwenthal and Kalashnikov Variations} Ng4 14. Bd2 f5 15. exf5 $146 {The
position is equal.} ({Find the theoretical novelty and annotate with similar
games:} 15. h3 Nf6 16. exf5 Bxf5 17. c5 b5 18. cxb6 Qxb6 19. Be3 Qb7 20. Nc4
Rad8 {0-1 (32) Cirlan,I (2186)-Grigore,G (2517) Bucharest 2008}) 15... Bxf5 16.
Be1 Rc8 17. Nd5 Nf6 18. Nxf6+ (18. Ba5 $5 Qe8 19. Nxe7+ Qxe7 20. Bb4 $11) 18...
Rxf6 19. Rac1 (19. Nc2 $11) 19... Qb6 $15 20. Rc3 Rg6 {Strongly threatening ...
Bg4.} 21. Rg3 Rxg3 22. hxg3 Qc6 23. b3 Qe4 24. Qxe4 Bxe4 25. Bb4 Rc6 26. f4 Kf7
27. fxe5 dxe5 28. Bxe7 Kxe7 {Endgame KRB-KRN} 29. Re1 Bg6 30. Rxe5+ ({Better is
} 30. Nb1 $15) 30... Re6 $17 31. Rxe6+ (31. Rg5 $17 {might work better.}) 31...
Kxe6 {KB-KN} 32. Kf2 Ke5 33. Ke3 Be4 34. g4 Bxg2 35. Nb1 (35. Nc2 $142) 35...
Bh3 $19 36. Kf3 {[#]} (36. g5 $142) 36... Kd4 $1 37. Kg3 Bf1 38. Nd2 $2 (38.
Kf2 Bd3 39. Nd2) 38... Be2 39. Kf4 {[#]} (39. c5 $142 Kxc5 40. Kf4) 39... g5+
$1 {Precision: White = 42%, Black = 85%.} 0-1

[Event "Yingmei Cup CHN-chT 2017"]
[Site "?"]
[Date "2017.07.28"]
[Round "10"]
[White "Wen, Yang"]
[Black "Xu, Xiangyu"]
[Result "0-1"]
[WhiteElo "2613"]
[BlackElo "2503"]
[Annotator "TA"]
[PlyCount "98"]
[EventDate "2017.??.??"]
[SourceTitle "Ningbo"]

1. d4 Nf6 2. c4 g6 3. Nc3 d5 4. Nf3 Bg7 5. e3 O-O 6. cxd5 Nxd5 7. Bc4 Nb6 8.
Bb3 c5 9. O-O {[%emt 0:00:05] D94: Grünfeld: 4 Nf3 Bg7 e3} Bg4 (9... cxd4 10.
exd4 Bg4 11. d5 N8d7 12. h3 Bxf3 13. Qxf3 Nc5 14. Rd1 Nxb3 15. axb3 Nc8 16. Be3
a6 17. b4 Nd6 18. Na4 Nc4 19. Bd4 Bxd4 20. Rxd4 b5 21. Nc5 {1-0 (68) Li,C 
(2750)-Ipatov,A (2619) Doha 2015}) 10. dxc5 N6d7 {LiveBook: 3 Games} 11. Bd5 {
The position is equal.} Qc8 12. h3 Bxf3 $1 13. Bxf3 Nxc5 14. Qc2 $146 ({
Predecessor:} 14. Nd5 Nc6 15. Qc2 b6 16. Rb1 e6 {1-0 (68) Irizanin,R (2319)
-Maksimovic,M (2219) Belgrade 2007}) 14... Nba6 15. Nd5 Qd8 16. Rd1 {Threatens
to win with Nf6+!} e6 17. Nb4 Qb6 18. Nxa6 Nxa6 19. Rb1 Rfd8 20. Bd2 Nb4 (20...
Rac8 $5 21. Bc3 Rxd1+ 22. Qxd1 Nb8 $14) 21. Qa4 $36 {White is pushing.} Nc6 22.
b3 Rd6 23. Be1 Rad8 24. Rxd6 Rxd6 25. Rc1 Bf6 26. Qa3 Rd7 27. Bxc6 bxc6 28. Qa4
Qb5 29. Rxc6 Qe2 30. Rc1 $2 {[#]} (30. Rc8+ $11 Kg7 31. Qb4 (31. Qxd7 Qxe1+ 32.
Kh2 Be5+ 33. f4 Qxe3 $11)) 30... Rc7 $1 $19 31. Qa3 {[#]} (31. Rxc7 Qxe1+)
31... a5 $1 32. g3 (32. Qxa5 Rxc1) 32... Bb2 33. Qxb2 Qxb2 34. Rxc7 {Endgame
Black must now prevent Rc8+. KQ-KRB} Qb1 35. Kf1 f6 36. Ra7 (36. Rc3 $17) 36...
Qxa2 37. Rxa5 Qxb3 38. Ra7 Qd1 39. h4 g5 40. hxg5 fxg5 41. Rc7 Kf8 42. Rc5 h6
43. Re5 Kf7 44. f4 (44. Ra5 $142) 44... Kf6 45. Kf2 Qc2+ 46. Kf1 Qc4+ 47. Kf2
Kg6 48. g4 gxf4 49. Bd2 $2 (49. Kf3 fxe3 50. Rxe3) 49... Qa2 {Precision: White
= 57%, Black = 74%.} 0-1

[Event "Yingmei Cup CHN-chT 2017"]
[Site "?"]
[Date "2017.07.28"]
[Round "10"]
[White "Zhou, Jianchao"]
[Black "Fang, Yuxiang"]
[Result "1-0"]
[WhiteElo "2613"]
[BlackElo "2498"]
[Annotator "TA"]
[PlyCount "83"]
[EventDate "2017.??.??"]
[SourceTitle "Ningbo"]

1. d4 d5 2. c4 e6 3. Nc3 Nf6 4. Bg5 Be7 5. e3 O-O 6. Rc1 b6 7. cxd5 Nxd5 8.
Nxd5 exd5 9. Bxe7 Qxe7 10. Bd3 Ba6 {D53: Queen's Gambit Declined: 4 Bg5 Be7:
Early deviations} (10... c5 {is more complex.} 11. dxc5 bxc5 12. Ne2 Nd7 13.
O-O Nf6) (10... c6 11. Ne2 Bb7 12. Ng3 Nd7 13. Nf5 Qf6 14. Qg4 Rfd8 15. h4 Nf8
16. Qg5 Qxg5 17. hxg5 Rd7 18. f4 {0-1 (54) Vaganian,R (2590)-Short,N (2685)
Debrecen 1992}) 11. Bxa6 $146 (11. Ne2 {seems wilder.} Qb4+ 12. Qd2 Qd6 13. O-O
Bxd3 14. Qxd3 Rc8 15. Qa3) ({Find the theoretical novelty and annotate with
similar games:} 11. Ne2 Qb4+ 12. Qd2 Qxd2+ 13. Kxd2 Bxd3 14. Kxd3 Na6 15. Nf4
Rfd8 16. Ke2 c5 17. dxc5 bxc5 18. Rhd1 {1-0 (44) Bischoff,K (2560)-Tomczak,R 
(2316) Germany 2006}) 11... Nxa6 12. Ne2 Qb4+ {The position is equal.} 13. Qd2
c5 14. a3 Qxd2+ 15. Kxd2 c4 16. b3 $1 $36 {White is on the roll.} cxb3 17. Nf4
Rfd8 18. Kc3 Kf8 19. Kxb3 Ke7 20. Rc2 g5 21. Ne2 Rac8 22. Rxc8 Rxc8 $16 {
Endgame KRN-KRN} 23. g4 Nb8 24. h4 h6 25. hxg5 hxg5 26. Rh6 Nc6 {[#]} 27. Nc3
$1 Na5+ 28. Kc2 f6 $2 (28... Nc4 $16 {was necessary.} 29. Nxd5+ Kd7 30. Nf6+
Ke7) 29. Kd3 $18 Ke6 {[#] intending ...Nc4.} 30. e4 (30. Nxd5 $142 $1 Nc4 (
30... Kxd5 31. Rxf6) 31. Nxf6) 30... dxe4+ 31. Nxe4 Nc4 (31... Rc1 $142 32.
Rxf6+ Ke7) 32. Rxf6+ Ke7 33. Rg6 a5 34. Rg7+ ({But not} 34. Rxg5 Nxa3 35. Rg7+
Kf8) ({Don't play} 34. Nxg5 b5 $18) 34... Kf8 35. Rb7 ({Resist} 35. Rxg5 Nxa3
36. Nc3 Rc7 $18) 35... a4 $2 (35... Nb2+ {was called for.} 36. Ke2 Rc2+ 37. Kf3
Nc4 38. Nxg5 Ra2 39. Ne6+ Ke8) 36. Nxg5 Nxa3 37. Nh7+ Kg8 38. Nf6+ Kf8 39. g5 {
g6 would kill now.} Nb5 40. g6 Rc3+ 41. Kd2 Rc7 42. Rb8+ {Precision: White =
77%, Black = 44%.} 1-0

[Event "Yingmei Cup CHN-chT 2017"]
[Site "?"]
[Date "2017.07.28"]
[Round "10"]
[White "Bai, Jinshi"]
[Black "Naiditsch, Arkadij"]
[Result "1/2-1/2"]
[WhiteElo "2585"]
[BlackElo "2712"]
[Annotator "TA"]
[PlyCount "79"]
[EventDate "2017.??.??"]
[SourceTitle "Ningbo"]

1. d4 Nf6 2. c4 e6 3. Nc3 Bb4 4. Nf3 c5 5. g3 Nc6 6. Bg2 Ne4 7. Bd2 Nxd2 8.
Qxd2 cxd4 {[%emt 0:00:04] E20: Nimzo-Indian: g3 and 4 f3} 9. Nxd4 Qb6 10. e3
Ne5 {White is slightly better.} 11. b3 Qa5 12. Nde2 O-O $146 ({Predecessor:} 
12... Ba3 13. O-O a6 14. Rad1 Rb8 15. Qd4 O-O 16. Nb5 axb5 17. Qxe5 {0-1 (37)
Linster,P (2264)-Macieja,B (2651) Khanty-Mansiysk 2010}) 13. O-O a6 14. Rfd1 (
14. f4 $5 Nc6 15. a3 $14) 14... Qa3 15. Qd4 (15. f4 $5 Nc6 16. Qd3 $14) 15...
Nc6 16. Qd3 Be7 17. Ne4 d5 18. cxd5 Nb4 19. Qd2 {[#] Black must now prevent d6.
} Nxd5 20. Nf4 Rd8 21. Nc3 Nxc3 $1 22. Qxd8+ Bxd8 23. Rxd8+ {[#]} Qf8 $1 24.
Rxf8+ Kxf8 25. Rc1 (25. Nd3 $14) 25... Nxa2 $11 26. Rc7 {And now Nd3 would win.
} Nb4 27. Bxb7 Bxb7 28. Rxb7 {Endgame KRN-KRN} a5 29. Rb5 g6 30. g4 h6 31. h4
Nc6 32. Kg2 Ra7 33. Nd3 Ke7 34. Nb2 f5 35. gxf5 gxf5 {The position is equal.}
36. f4 Kf6 37. Kf3 Ne7 38. Nc4 a4 39. bxa4 Rxa4 40. Ne5 {Precision: White =
62%, Black = 65%.} 1/2-1/2

[Event "Yingmei Cup CHN-chT 2017"]
[Site "?"]
[Date "2017.07.28"]
[Round "10"]
[White "Gao, Rui"]
[Black "Wang, Hao"]
[Result "1/2-1/2"]
[WhiteElo "2543"]
[BlackElo "2690"]
[Annotator "TA"]
[PlyCount "84"]
[EventDate "2017.??.??"]
[SourceTitle "Ningbo"]

1. e4 e5 2. Nf3 Nc6 3. Bb5 a6 4. Ba4 Nf6 5. O-O Be7 6. Re1 b5 7. Bb3 d6 8. c3
O-O 9. h3 Nb8 10. d4 Nbd7 11. Nbd2 Bb7 12. Bc2 Re8 13. b3 Bf8 14. Bb2 g6 15. a4
{[%emt 0:00:10] [#] C95: Closed Ruy Lopez: Breyer Variation with d4} Nb6 $146 (
{Predecessor:} 15... c6 16. c4 exd4 17. Bxd4 b4 18. e5 dxe5 19. Nxe5 c5 20.
Nxd7 Rxe1+ 21. Qxe1 cxd4 22. Nxf8 Qd6 23. Nxh7 Kxh7 {1-0 (57) Akopian,V (2691)
-Kamsky,G (2741) Khanty-Mansiysk 2013}) 16. d5 bxa4 17. bxa4 a5 18. Bd3 c6 19.
c4 Nbd7 (19... Ba6 $5) 20. Nb3 Bh6 21. Bf1 Qc7 22. Rb1 Ba6 23. Ba3 cxd5 24.
cxd5 Bxf1 25. Kxf1 Qc4+ 26. Qe2 Rec8 (26... Qxe2+ $11 27. Rxe2 Ra6) 27. Bxd6
$16 Nxe4 28. Qxc4 ({White should play} 28. Nxe5 $16 Qxe2+ 29. Rxe2) 28... Rxc4
$11 {The position is equal.} 29. Nxe5 Nxe5 30. Bxe5 Rxa4 31. f3 f6 32. Bc7 Nc3
$1 33. d6 Nxb1 34. d7 {[#] Re8+ is the strong threat.} Kf7 {White must now
prevent ...Nd2+.} 35. Rxb1 Rb4 $1 {Strongly threatening ...a4.} 36. Bxa5 Rbb8
37. Bc7 {[#]} Rd8 $1 38. Rd1 (38. Bxd8 Rxd8) 38... Bf8 $1 39. Bxd8 Rxd8 40. Ke2
Be7 41. Rd3 Ke6 42. Nd4+ Ke5 $2 {Precision: White = 54%, Black = 57%. . An
unexpected result.} (42... Kxd7 $11 43. Nf5+ Ke8 44. Nxe7 Rxd3 45. Kxd3 Kxe7)
1/2-1/2

[Event "Yingmei Cup CHN-chT 2017"]
[Site "?"]
[Date "2017.07.28"]
[Round "10"]
[White "Lagno, Kateryna"]
[Black "Zhang, Lanlin"]
[Result "1-0"]
[WhiteElo "2535"]
[BlackElo "2080"]
[Annotator "TA"]
[PlyCount "85"]
[EventDate "2017.??.??"]
[SourceTitle "Ningbo"]

1. e4 e5 2. Nf3 Nc6 3. Bc4 Bc5 4. c3 Nf6 5. d3 O-O 6. O-O d6 7. a4 a5 8. Na3 {
[%emt 0:00:05] C4: Giuoco Piano: 4 c3 Nf6, main lines with 5 d4 and 5 d3} (8.
Bg5 h6 9. Bh4 g5 10. Bg3 Kg7 11. Re1 g4 12. Bh4 Ne7 13. Bxf6+ Kxf6 14. d4 Bb6
15. Nh4 Kg7 {0-1 (51) Hou, Y (2652)-Ding,L (2773) Moscow 2017}) 8... h6 9. h3
Qe7 10. Re1 $146 {The position is equal.} ({Find the theoretical novelty and
annotate with similar games:} 10. Nc2 Ba7 11. Be3 Be6 12. Bxe6 fxe6 13. Bxa7
Rxa7 14. Ne3 d5 {1-0 (25) Liaskovich,R-Cornileau,J (1338) Batumi 2016}) 10...
Be6 11. Bxe6 fxe6 12. Nc2 Nh5 13. d4 Ba7 14. Be3 Nf4 15. Kh2 Qf6 16. Ng1 exd4
17. cxd4 e5 $40 {Black mounts an attack.} 18. d5 $1 Nd4 19. g3 (19. Kh1 $11 {
remains equal.}) 19... Ng6 {White must now prevent ...Nb3.} 20. Na3 c6 21. dxc6
bxc6 22. Rf1 Rfb8 23. Rb1 Kh8 (23... Qe6 $17 24. Nf3 Rb3 25. Bxd4 Bxd4) 24. Nc4
$11 Bc5 25. Bd2 (25. Rc1 $11 {keeps the balance.}) 25... Bb4 (25... Qe6 $17 26.
Ne3 d5 27. exd5 cxd5) 26. Bc3 c5 27. Ne3 Ne7 28. f4 exf4 29. gxf4 Qe6 30. Qd3 {
[#]} d5 $1 31. exd5 Nxd5 32. Nc4 Rd8 33. Rbe1 Qa6 34. Rd1 Nxc3 ({Black should
try} 34... Rab8 $17 {Threatening ...Ne3!} 35. Bxd4 cxd4) 35. bxc3 {Hoping for
Ne5.} Ne6 (35... Nb3 $5 36. Nd6 c4 37. Nf7+ Kg8 $11) 36. Nd6 c4 $2 (36... Qxd3
$1 $11 37. Rxd3 Kg8 38. cxb4 axb4) 37. Nf7+ $18 Kg8 38. Qg6 Rxd1 39. Nxh6+ Kh8
40. Nf7+ Kg8 {Strongly threatening ...Rd2+.} 41. Rxd1 Nxf4 $2 (41... Nf8 42.
Qh5 Ra7) 42. Nh6+ Kh8 {[#]} 43. Rd8+ $1 {Precision: White = 43%, Black = 44%.}
1-0

[Event "Yingmei Cup CHN-chT 2017"]
[Site "?"]
[Date "2017.07.28"]
[Round "10"]
[White "Yu, Ruiyuan"]
[Black "Wang, Yue"]
[Result "0-1"]
[WhiteElo "2526"]
[BlackElo "2706"]
[Annotator "TA"]
[PlyCount "88"]
[EventDate "2017.??.??"]
[SourceTitle "Ningbo"]

1. e4 c5 2. Nf3 e6 3. d4 cxd4 4. Nxd4 Nc6 5. Nc3 Qc7 6. Be2 Nf6 7. O-O Be7 8.
Be3 O-O 9. f4 d6 10. Kh1 Nxd4 11. Qxd4 b6 {B83: Sicilian Scheveningen: 6 Be2,
lines without ...a6} 12. Nb5 Qb8 13. c4 Bb7 {[#] LiveBook: 3 Games. The
position is equal.} 14. Nc3 $146 ({Predecessor:} 14. Bf3 a6 15. Nc3 Nd7 16.
Rad1 Rd8 17. Bg4 Nf6 18. Bh3 b5 19. cxb5 axb5 {0-1 (80) Kamsky,G (2723)
-Grachev,B (2640) Moscow 2008}) 14... Nd7 15. Bf3 Nc5 16. Qd2 Bf6 17. Bd4 Bxd4
18. Qxd4 e5 19. Qd2 exf4 20. Rad1 Qe8 21. Qxd6 Qe6 22. Qd4 Rae8 23. e5 (23.
Rfe1 $11) 23... Bxf3 $15 24. Rxf3 Qxe5 25. h4 (25. Qxe5 $15 Rxe5 26. h4) 25...
Qxd4 $17 26. Rxd4 Re1+ 27. Kh2 Ne6 28. Rd7 h6 $1 29. g3 fxg3+ 30. Kxg3 Rg1+ 31.
Kf2 ({White should try} 31. Kh3) 31... Rg4 $1 32. b3 Rxh4 33. Rxa7 {[#]} f5 (
33... Ng5 $142 $1 34. Re3 Rd8) 34. Rb7 $2 (34. Re3 $17 Nc5 35. Kf3) 34... f4
$19 {Threatens to win with ...Ng5.} 35. Ne4 Rh2+ 36. Kf1 Nd4 ({Don't do} 36...
Rxa2 37. Rxb6 Nd4 38. Rd3 $19) 37. Rf2 $2 (37. Rd3 Nf5 38. Rd2) 37... Rh1+ 38.
Kg2 Re1 39. Nd2 Rf6 40. b4 $2 (40. Rb8+ Kh7 41. Rd8 f3+ 42. Kh2) 40... Rg6+ 41.
Kh2 Re5 42. Kh1 {[#]} f3 $1 43. Rd7 (43. Nxf3 Nxf3) 43... Rh5+ 44. Rh2 Rxh2+ {
Precision: White = 28%, Black = 84%.} (44... f2 $142 45. Rd8+ Kh7 46. Rxh5 {[#]
} Nf3 $1 47. Rxh6+ gxh6 48. Rd7+ Kg8 49. Rd8+ Kf7 50. Rd7+ Ke8 51. Re7+ Kxe7
52. Nxf3 f1=Q+ 53. Kh2 Qg2#) 0-1

[Event "Yingmei Cup CHN-chT 2017"]
[Site "?"]
[Date "2017.07.28"]
[Round "10"]
[White "Stefanova, Antoaneta"]
[Black "Yuan, Ye"]
[Result "1-0"]
[WhiteElo "2510"]
[BlackElo "2306"]
[Annotator "TA"]
[PlyCount "57"]
[EventDate "2017.??.??"]
[SourceTitle "Ningbo"]

1. d4 d5 2. c4 e6 3. Nf3 c6 4. Qc2 dxc4 5. Qxc4 Nf6 6. Bg5 b5 {D30: Queen's
Gambit Declined: Systems without Nc3} 7. Qc2 Bb7 8. e4 h6 {White has an edge.}
9. Bxf6 Qxf6 10. Be2 $146 ({Find the theoretical novelty and annotate with
similar games:} 10. Bd3 Nd7 11. O-O a6 12. Nbd2 c5 13. e5 Qd8 14. a4 {1-0 (24)
Roiz,M (2661)-Cheremnova,T (2221) Olginka 2011}) 10... a6 11. O-O Nd7 12. Nc3
e5 13. Rad1 Bd6 (13... Bb4 $11) 14. Kh1 (14. dxe5 $16 Nxe5 15. Nd4) 14... O-O
$11 15. dxe5 Nxe5 16. Nxe5 Bxe5 17. f4 Bxc3 $1 18. bxc3 Rad8 19. e5 Qe7 20. c4
Qc5 21. Qe4 {Black must now prevent Bd3.} Bc8 22. f5 $36 {White has the
initiative.} Rde8 {[#]} ({Black should try} 22... Rxd1 $14 23. Rxd1 Re8) 23. e6
$1 $16 {aiming for exf7+.} fxe6 $2 {[#]} (23... Re7 $16) 24. f6 $1 $18 Qg5 (
24... Rxf6 25. Rxf6) 25. h4 Qg3 26. Bd3 Rxf6 27. Rxf6 gxf6 28. Qh7+ Kf8 {
Threatens to win with ...Qg7.} 29. Bg6 {Precision: White = 83%, Black = 33%.}
1-0

[Event "Yingmei Cup CHN-chT 2017"]
[Site "?"]
[Date "2017.07.28"]
[Round "10"]
[White "Tan, Zhongyi"]
[Black "Zhao, Xue"]
[Result "0-1"]
[WhiteElo "2508"]
[BlackElo "2499"]
[Annotator "TA"]
[PlyCount "78"]
[EventDate "2017.??.??"]
[SourceTitle "Ningbo"]

1. d4 Nf6 2. c4 e6 3. Nf3 Bb4+ 4. Bd2 Qe7 5. g3 Nc6 6. e3 {E11: Bogo-Indian} (
6. Nc3 O-O 7. Bg2 d6 8. O-O a5 9. Rc1 Bxc3 10. Bxc3 e5 11. d5 Nb8 12. c5 Nbd7
13. cxd6 cxd6 14. Nd2 b5 15. b3 Nb6 16. e4 b4 17. Bb2 Ba6 18. Re1 {1/2-1/2 (32)
Riazantsev,A (2671)-Bologan,V (2640) Doha 2016}) 6... Ne4 7. Bg2 d5 $146 ({
Predecessor:} 7... Nxd2 8. Nfxd2 O-O 9. O-O Bxd2 10. Qxd2 d6 11. b4 Bd7 12. Nc3
Rfc8 13. Rab1 Nd8 {1-0 (31) Cvek,R (2506)-Jirasek,P (2273) Pardubice 2011}) 8.
a3 {White is better.} Bxd2+ 9. Nfxd2 Nxd2 10. Nxd2 O-O 11. O-O Rd8 12. Qc2 Nb8
13. Rad1 c6 14. e4 b6 15. Rfe1 {Black must now prevent exd5.} Bb7 16. f4 Na6
17. cxd5 ({Better is} 17. b4 $16) 17... cxd5 $11 18. e5 Rac8 19. Qb1 Nc7 20.
Nf1 f5 ({Black should try} 20... g6 $14) 21. exf6 $1 $16 Qxf6 22. Bh3 Bc6 23.
Ne3 h5 24. Ng2 Be8 (24... Ba4 $16) 25. Re5 $18 Bg6 26. f5 Bh7 (26... Bxf5 $142
27. Bxf5 exf5) 27. Qd3 Rf8 28. Rf1 $1 Qh6 29. Nh4 Kh8 (29... Rf7 $16 30. Qc2
Rcf8) 30. a4 Rf7 31. Qd1 (31. Qe2 $1 $18) 31... Rcf8 32. fxe6 Rxf1+ 33. Bxf1
Nxe6 34. Qxh5 Qd2 $2 (34... Nxd4 $16 35. Qxh6 gxh6) 35. Ng6+ Kg8 {( -> ...Qf2+)
} 36. Nxf8 Qxd4+ {[#]} 37. Kh1 $2 (37. Kg2 $1 $18 Nxf8 38. Kh3) 37... Be4+ $11
38. Bg2 $2 {[#]} (38. Rxe4 $11 Qxe4+ 39. Kg1 Kxf8 40. Qe2) 38... Qd3 $1 $19 39.
Kg1 Qe3+ {Precision: White = 80%, Black = 46%.} 0-1